Les records de température par pays d'Europe - Statistiques

Statistiques générales
  • Ce quiz a été pris 42 fois
  • Le résultat moyen est 19 sur 45
Statistiques - réponses
Mini/Maxi en °C PAYS % Correct
- 2.4 / + 43.8 Malte
86%
- 67.8 / + 44 Russie
80%
- 5.2 / + 34.7 Monaco
66%
- 51.5 / + 37.2 Finlande
63%
- 51.4 / + 35.6 Norvège
63%
- 52.6 / + 38 Suède
63%
- 36.7 / + 46 France
54%
- 27.8 / + 48 Grèce
54%
- 16.0 / + 47.4 Portugal
54%
- 8.2 / + 40.7 Vatican
54%
- 28.2 / + 47.4 Espagne
49%
- 19.1 / + 33.3 Irlande
49%
- 38.0 / + 48.8 Italie
46%
- 43.5 / + 35.6 Estonie
43%
- 38.0 / + 30.6 Islande
43%
- 45.9 / + 42.6 Allemagne
40%
- 43.2 / + 36.4 Lettonie
40%
- 42.9 / + 37.5 Lituanie
40%
- 31.2 / + 36.4 Danemark
37%
- 49.1 / + 40.8 Slovénie
37%
- 30.1 / + 41.8 Belgique
34%
- 43.5 / + 46.2 Bosnie-Herzégovine
34%
- 38.3 / + 45.2 Bulgarie
34%
- 35.0 / + 41.9 Hongrie
34%
- 26.0 / + 36 Liechtenstein
34%
- 24.3 / + 40.8 Luxembourg
34%
- 41.0 / + 40.2 Pologne
34%
- 27.2 / + 40.3 Royaume-Uni
34%
- 18.0 / + 40.3 Saint-Marin
34%
- 41.8 / + 41.5 Suisse
34%
- 41.9 / + 42 Ukraine
34%
- 25.8 / + 45.3 Albanie
31%
- 27.3 / + 39.4 Andorre
31%
- 37.4 / + 40.5 Autriche
31%
- 35.5 / + 42.8 Croatie
31%
- 31.5 / + 45.7 Macédoine
31%
- 35.5 / + 41 Moldavie
31%
- 32.0 / + 44.8 Monténégro
31%
- 27.4 / + 40.7 Pays-Bas
31%
- 38.5 / + 44.5 Roumanie
31%
- 39.5 / + 44.9 Serbie
31%
- 41.0 / + 40.3 Slovaquie
31%
- 42.2 / + 40.4 Tchéquie
31%
- 42.2 / + 38.7 Biélorussie
29%
- 10.2 / + 46.6 Chypre
26%
Aucun quiz correspondant
Distribution des résultats
% des personnes avec chaque résultat
Percentile par nombre de réponses
Votre historique - résultats
Vous n’avez pas pris ce quiz